Statistics for Subdivisions of British Raj in 1916

Click here to take the quiz!

General Stats

  • This quiz has been taken 56 times
    (54 since last reset)
  • The average score is 7 of 128

Answer Stats

Subdivision% Correct
West Bengal
63%
Delhi
50%
Hyderabad
50%
Kashmir
40%
Madras
38%
Sindh
35%
Assam
33%
Ceylon
33%
Sikkim
30%
Andaman
20%
Lucknow
20%
Agra
18%
Bihar
18%
East Bengal
18%
Karachi
18%
Bangalore
15%
Central Provinces
15%
Jaipur
15%
United Provinces
15%
Chin
13%
Lahore
13%
Orissa
13%
Rajasthan
13%
Upper Burma
10%
Nagpur
8%
Rangoon
8%
Surat
8%
Arunachal Pradesh
5%
Bhopal
5%
Chittagong
5%
Kachin
5%
Kutch
5%
Northern Provinces
5%
Peshawar
5%
Quetta
5%
Indore
3%
Jhansi
3%
Kanpur
3%
Kota
3%
Nashik
3%
Patna
3%
Puri
3%
Shan
3%
Aangul
0%
Agar Guta
0%
Agar Maliwa
0%
Ahmedabad Province
0%
Akola
0%
Anadh
0%
Andhra Province
0%
Aravali
0%
Aurangabad
0%
Bago
0%
Bahat Princely State
0%
Baluchistan Province
0%
Bargarh
0%
Berdal
0%
Berwani
0%
Betol
0%
Bidara
0%
Bindh
0%
Bombay City
0%
Bombay Suburbs
0%
Chittrakol Dahm
0%
Cuttack
0%
Dacca
0%
Dahod
0%
Dangh
0%
Deridhagar
0%
Dewas
0%
Dhanbad
0%
Dhule
0%
Eastern Provinces
0%
Eastern Punjab
0%
Gajaputi
0%
Ganjam
0%
Garo
0%
Guna
0%
Gutra Dahui
0%
Gwalior Province
0%
Harda
0%
Haveri
0%
Hingloa
0%
Imphal
0%
Jagatsinghpur
0%
Jalna
0%
Kasih
0%
Kayah
0%
Kayin
0%
Kaylan
0%
Latur
0%
Lunawada
0%
Madhya Barat
0%
Maghwe
0%
Marathi Province
0%
Mhow
0%
Mizapur
0%
Morobi
0%
Multan
0%
Mysuru Princley State
0%
Nawari
0%
Northwest Provinces
0%
Orai
0%
Pakindh
0%
Palghar
0%
Palmur
0%
Parandh
0%
Patan
0%
Poona
0%
Rajandh
0%
Rajgapur
0%
Rajkot
0%
Ranchi
0%
Rewar
0%
Sambalpur
0%
Sami
0%
Sangli
0%
Seoni
0%
Sihandol
0%
Sillum
0%
Thane
0%
Tranvancore
0%
Utadh
0%
Uttar Kannad
0%
Vindhya Barat
0%
Vizagaptam
0%
Vyara
0%
Western Punjab
0%

Score Distribution

Percentile by Number Answered

Percent of People with Each Score

Your Score History

You have not taken this quiz since the last reset